Personnage des aventures de Tintin : Ivan Ivanovitch Sakharine - Statistiques

Statistiques générales
  • Ce quiz a été pris 58 fois
  • Le résultat moyen est 12 sur 16
Statistiques - réponses
Questions Réponses % Correct
Albums dans lesquels apparaît Ivan Ivanovitch Sakharine. Le Secret de la Licorne
100%
Albums dans lesquels apparaît Ivan Ivanovitch Sakharine. Le Trésor de Rackham le Rouge
93%
Nom des deux frères qui ont donné l'ordre de voler ce parchemin à M. Sakharine. Les frères Maxime et Gustave Loiseau
91%
Personnages qui accusent Haddock du "meurtre" (bien qu'il ne soit pas mort, en réalité) de M. Sakharine. Dupond
89%
Bandit anglo-saxon récurrent dans les aventures de Tintin et lieutenant déloyal d'Haddock, bandit avec qui le personnage de Sakharine dans le film du précédent n'hésite pas à s'allier alors qu'ils n'ont jamais eu le moindre rapport dans les albums d'Hergé. Allan Thompson
87%
Personnages qui accusent Haddock du "meurtre" (bien qu'il ne soit pas mort, en réalité) de M. Sakharine. Dupont
87%
Site sur lequel M. Sakharine tenta de racheter à Tintin le modèle de bateau qu'il venait tout juste d'acheter. Le vieux marché (ou "marché aux puces" dans les dessins animés)
87%
Château dans lequel le Capitaine Haddock organise une exposition consacrée à son aïeul, exposition que visite M. Sakharine. Le château appartenait jadis aux frères précédents. Le Château de Moulinsart
85%
Véritable identité de ce mage. En réalité, l'ennemi juré de Tintin. Roberto Rastapopoulos
85%
Composé organochloré de formule brute CHCl3. Le concurrent de M. Sakharine (réponse #6) lui appliqua cet substance sous le nez pour lui faire perdre connaissance et lui voler un parchemin. Le chlorophorme
80%
Grand arbre aromatique à croissance rapide, originaire essentiellement d'Australie et sur lesquels vivent les koalas. Il donne son nom à la rue où habite M. Sakharine. L'Eucalyptus
76%
Cinéaste qui fait de M. Sakharine un escroc alors qu'il est un honnête homme dans les albums d'Hergé. Steven Spielberg
72%
Nom du concurrent de M. Sakharine qui tenta lui aussi de racheter son bateau à Tintin. Barnabé
67%
Albums dans lesquels apparaît Ivan Ivanovitch Sakharine. Tintin et l'Alph-Art
50%
Substance de saveur douce dont la saccharine est un ersatz qui était détesté de tous les peuples d'Europe sous occupation allemande entre 1940 et 1945. L'album dans lequel M. Sakharine apparaît pour la première fois a été élaboré sous l'occupation. Le sucre
46%
Mage et gourou d'une secte à laquelle adhère M. Sakharine. Endaddine Akass
33%
Aucun quiz correspondant
Distribution des résultats
% des personnes avec chaque résultat
Percentile par nombre de réponses
Votre historique - résultats
Vous n’avez pas pris ce quiz